Scottish Premiership Sieger - Statistiken

Allgemein
  • Dieses Quiz wurde 224 mal gespielt
    81 seit der letzten Aktualisierung
  • Das Durchschnittsergebnis liegt bei 119 aus 129
Antwortstatistiken
Saison Sieger % Korrekt
1892-1893 | 1893-1894 | 1895-1896 | +52 others Celtic Glasgow
100%
1890-1891 | 1898-1899 | 1899-1900 | +52 others Glasgow Rangers
100%
1954-1955 | 1979-1980 | 1983-1984 | 1984-1985 FC Aberdeen
74%
1894-1895 | 1896-1897 | 1957-1958 | 1959-1960 Heart of Midlothian
64%
1982-1983 Dundee United
54%
1961-1962 FC Dundee
54%
1902-1903 | 1947-1948 | 1950-1951 | 1951-1952 Hibernian Edinburgh
39%
1931-1932 FC Motherwell
26%
1964-1965 FC Kilmarnock
21%
1890-1891 | 1891-1892 FC Dumbarton
7%
1903-1904 Third Lanark
1%
Keine übereinstimmenden Quizze gefunden
Verteilung der Resultate
Anzahl Personen mit jedem Resultat
Perzentil nach korrekt beantworteten Fragen
Ihre Resultats-Entwicklung
Sie haben dieses Quiz seit der letzten Aktualisierung nicht gespielt